00518nam a2200181Ia 4500008004100000020001800041050001400059100002300073245004100096245005900137260001500196260003100211260000900242300001500251300002200266300001000288440003800298180207s9999 xx 000 0 und d a9780316218474 bH682 2010 aHoberman, Mary Ann aVery short fables to read together / cby Mary Ann Hoberman ; illustrated by Michael Emberly. aNew York : bLittle, Brown and Company, c2010 a32 pages : bchiefly colored ; c28cm. aYou read to me, I'll read to you.